000 00436nam a22001817a 4500
003 NUST - PNEC
005 20170116181108.0
008 151003b xxu||||| |||| 00| 0 eng d
020 _a-
040 _cLIBRARY
082 _a890.4 KAY
100 _912697
_aKayani, M. R.
245 _aNot the whole truth
_cM. R. Kayani
250 _a6th ed.
260 _cc.1977
650 _912699
_aEnglish Literature
_xGeneral
942 _2ddc
_cBK
999 _c69012
_d69012